[Event "Monselice Province-ch"]
[Site "Monselice"]
[Date "2009.01.09"]
[Round "1"]
[White "Xia, Jie"]
[Black "Alibertis, Nikolaos"]
[Result "1-0"]
[WhiteElo "2239"]
[BlackElo "1717"]
[PlyCount "101"]
[EventDate "2009.01.09"]
[EventType "swiss"]
[EventRounds "7"]
[EventCountry "ITA"]
[SourceTitle "EXT 2011"]
[Source "ChessBase"]
[SourceDate "2010.11.26"]
[SourceVersion "1"]
[SourceVersionDate "2010.11.26"]
[SourceQuality "1"]

1. e4 d6 2. d4 Nf6 3. Nc3 g6 4. f4 Bg7 5. Nf3 0-0 6. Bd3 Nfd7 7. 0-0 c5 8. d5 b6 9. Qe2 a6 10. a4 Bb7 11. e5 Qc7 12. e6 Nf6 13. exf7+ Rxf7 14. Ng5 Nbd7 15. Qe6 Raf8 16. Nxf7 Rxf7 17. Bd2 Nf8 18. Qe2 Nxd5 19. Nxd5 Bxd5 20. c3 c4 21. Be4 Qc6 22. Bxd5 Qxd5 23. Be3 Qc6 24. Qf2 b5 25. axb5 Qxb5 26. Rad1 Nd7 27. Kh1 Ne5 28. Qc2 Nd3 29. b3 d5 30. Rb1 Qd7 31. bxc4 dxc4 32. Rb8+ Rf8 33. Rxf8+ Kxf8 34. Qa2 Qe6 35. Bd4 Bxd4 36. cxd4 Qe4 37. h3 Qxd4 38. f5 Kg7 39. fxg6 hxg6 40. Qxa6 Nf2+ 41. Kh2 Nd3 42. Qc8 Nf4 43. Qc7 Nd5 44. Qb8 Nf6 45. Rf4 Qc5 46. g4 c3 47. Qb4 Qe5 48. Qd4 Qe1 49. g5 Qd2+ 50. Qxd2 cxd2 51. gxf6+ 1-0